000 00230 a2200097 4500
001 14596
100 _aAbdul Fazal
245 _aSelection from mishkat ul masahik
260 _aLahore
_bSind sagar academy
_c
090 _c11407
_d11407
942 _aNUST-CAE
_cM
_c1567
999 _c249669
_d249669